|
|
|
|
| LEADER |
01196nam a22002537a 4500 |
| 008 |
970904s1918 enkb a 001 0 eng |
| 999 |
|
|
|c 334259
|d 334259
|
| 020 |
|
|
|a
|
| 082 |
|
|
|a 954
|
| 100 |
1 |
|
|a Havell, E. B.
|
| 245 |
1 |
4 |
|a The history of Aryan rule in India :
|c by E.B. Havell.
|b from the earliest times to the death of Akbar /
|
| 260 |
|
|
|a New Delhi :
|b K.M.N Publishers ,
|c 1918?
|
| 300 |
|
|
|a xxxi, 583 p. :
|b maps ;
|c 20 cm.
|
| 500 |
|
|
|a Includes index.
|
| 650 |
|
|
|a India
|
| 942 |
|
|
|c BK
|
| 246 |
3 |
0 |
|a Aryan rule in India
|
| 533 |
|
|
|a Microfilm.
|b New Delhi :
|c Library of Congress Office ;
|b Chicago :
|c Available from Center for Research Libraries,
|d 1996.
|e On 1 microfilm reel with other items ; 35 mm.
|f (SAMP early 20th-century Indian books project ; item 10298)
|n Master microform held by: ICRL.
|
| 651 |
|
0 |
|a India
|x History
|y 324 B.C.-1000 A.D.
|
| 651 |
|
0 |
|a India
|x History
|y 1000-1526.
|
| 830 |
|
0 |
|a SAMP early 20th-century Indian books project ;
|v item 10298.
|
| 906 |
|
|
|a 7
|b cbc
|c origode
|d 5
|e ncip
|f 19
|g y-genmicro
|
| 955 |
|
|
|a wd14;10/30/96
|
| 952 |
|
|
|0 0
|1 0
|2 ddc
|4 0
|6 954_000000000000000_HAV_A
|7 0
|9 382191
|a HIS
|b HIS
|c ST1
|d 2019-04-17
|i 17372
|l 0
|o 954 HAV/A
|p HIS17372
|r 2019-04-17
|w 2019-04-17
|y BK
|